地方紙連合が加盟する新聞社の発行新聞 - Statistics

General Stats
  • This quiz has been taken 107 times
  • The average score is 19 of 44
Answer Stats
Hint Answer % Correct
北海道 北海道新聞
83%
東京都・愛知県 東京新聞
73%
京都府 京都新聞
69%
長崎県 長崎新聞
69%
愛知県・静岡県 中日新聞
66%
神奈川県 神奈川新聞
64%
奈良県 奈良新聞
60%
佐賀県 佐賀新聞
60%
兵庫県 神戸新聞
59%
高知県 高知新聞
59%
山形県 山形新聞
57%
茨城県 茨城新聞
57%
埼玉県 埼玉新聞
57%
徳島県 徳島新聞
57%
静岡県 静岡新聞
56%
岐阜県 岐阜新聞
56%
山口県 山口新聞
54%
愛媛県 愛媛新聞
54%
宮城県 河北新報
48%
富山県・石川県 富山新聞
48%
石川県 北國新聞
44%
福岡県 西日本新聞
44%
岩手県 岩手新聞
43%
秋田県 秋田魁新報
41%
千葉県 千葉日報
41%
広島県 中国新聞
39%
新潟県 新潟日報
36%
富山県 北日本新聞
33%
群馬県 上毛新聞
32%
栃木県 下野新聞
31%
長野県 信濃毎日新聞
31%
香川県 四国新聞
30%
青森県 東奥日報
27%
大阪府・東京都 産経新聞
27%
岡山県 山陽新聞
27%
福島県 福島民報
22%
石川県・愛知県 北陸中日新聞
22%
山梨県 山梨日日新聞
21%
福島県 福島民友新聞
20%
三重県 伊勢新聞
19%
大阪府・鳥取県 大阪日日新聞
11%
島根県 山陰中央新報
11%
福井県・愛知県 日刊県民福井
9%
鳥取県 新日本海新聞
7%
No matching quizzes found
Score Distribution
Percent of People with Each Score
Percentile by Number Answered
Your Score History
You have not taken this quiz